Mikan waka shiryōshū. Dai 9-satsu /
Saved in:
| Other Authors: | , |
|---|---|
| Format: | Book |
| Language: | Japanese |
| Published: |
Ōbu-chō (Aichi-ken) :
Yanase Kazuo,
Shōwa 44 [1969]
|
| Series: | Hekichūdō sōsho ;
dai 89-shū. |
| Subjects: | |
| Tags: |
Add Tag
No Tags, Be the first to tag this record!
|
| LEADER | 01971nam a2200409ui 4500 | ||
|---|---|---|---|
| 001 | 007796843-3 | ||
| 005 | 20024617121422.0 | ||
| 008 | 880210s1969 ja 000 0 jpn d | ||
| 035 | 0 | |a ocm33846847 | |
| 040 | |a *LWU* |b jpn |c *LWU* |d OCoLC |d *YNH* |d CStRLIN | ||
| 245 | 0 | 0 | |6 880-01 |a Mikan waka shiryōshū. |n Dai 9-satsu / |c Yanase Kazuo, Kumagai Takeshi kyōhen. |
| 260 | |6 880-02 |a Ōbu-chō (Aichi-ken) : |b Yanase Kazuo, |c Shōwa 44 [1969] | ||
| 300 | |a 98 p. ; |c 22 cm. | ||
| 490 | 1 | |6 880-03 |a Hekichūdō sōsho ; |v dai 89-shū | |
| 500 | |6 880-04 |a Tōshaban. | ||
| 500 | |6 880-05 |a Genteiban. | ||
| 500 | |6 880-06 |a Hibaihin. | ||
| 505 | 0 | |6 880-07 |a Kokka wakumon / Ban Kōkei -- Gazoku saiben / Shōdō jihitsubon -- Ōnusa benmō / Kurokawa Mayori, Mita Yasumitsu -- Ōnusa tsuikō / Murakami Tadayuki -- Okanomo geiki / Murakami Tadayuki, Ishikawa Yorihei -- Inu monogatari / Chigusa Ariyoshi, Kurosawa Okinamaro. | |
| 653 | |6 880-08 |a Waka |a Kashū. | ||
| 700 | 1 | |6 880-09 |a Yanase, Kazuo, |d 1912- | |
| 700 | 1 | |6 880-10 |a Kumagai, Takeshi, |d 1907-1983. | |
| 880 | 0 | 0 | |6 245-01 |a 未刊和歌資料集. |n 第9冊 / |c 簗瀨一雄, 熊谷武至共編. |
| 880 | |6 260-02 |a 大府町(愛知県) : |b 簗瀨一雄, |c 昭和44 [1969] | ||
| 880 | 1 | |6 490-03 |a 碧冲洞叢書 ; |v 第89輯 | |
| 880 | |6 500-04 |a 謄写版. | ||
| 880 | |6 500-05 |a 限定版. | ||
| 880 | |6 500-06 |a 非売品. | ||
| 880 | 0 | |6 505-07 |a 国歌或問/ 伴蒿蹊 -- 雅俗再弁/ 昇道自筆本 -- おほぬさ弁妄/ 黒川真頼, 三田葆光 -- 大幣追考/ 村上忠順 -- 乎加能毛芸紀/ 村上忠順, 石川依平 -- 犬物語/ 千種有功, 黒沢翁満. | |
| 880 | |6 653-08 |a 和歌 |a 歌集. | ||
| 880 | 1 | |6 700-09 |a 簗瀨一雄, |d 1912- | |
| 880 | 1 | |6 700-10 |a 熊谷武至, |d 1907-1983. | |
| 830 | 0 | |6 880-53 |a Hekichūdō sōsho ; |v dai 89-shū. | |
| 880 | 0 | |6 830-53 |a 碧冲洞叢書 ; |v 第89輯. | |
| 886 | 2 | |2 jpnmarc |a 677 |b 911.108 | |
| 886 | 2 | |2 jpnmarc |a 685 |b KH9 | |
| 988 | |a 20021220 | ||
| 906 | |0 OCLC | ||


